Statistics for Maths - Reciprocals of integers from 1 to 30

Click here to take the quiz!

General Stats

  • This quiz has been taken 280 times
    (277 since last reset)
  • The average score is 12 of 30

Answer Stats

INTEGERRECIPROCAL% Correct
11
100%
10.1
100%
5.2
94%
2.5
87%
4.25
78%
3.(33)
77%
20.05
68%
9.(11)
67%
8.125
61%
6.1(66)
54%
11.(09)
50%
30.0(33)
46%
25.04
43%
12.08(33)
33%
15.0(66)
31%
16.0625
25%
7.(142857)
25%
18.0(55)
24%
22.0(45)
19%
24.041(66)
15%
14.0(714285)
15%
27.(037)
12%
13.(076923)
12%
28.03(571428)
8%
21.(047619)
8%
26.0(384615)
6%
17.(0588235294117647)
3%
29.(0344827586206896551724137931)
2%
23.(0434782608695652173913)
2%
19.(052631578947368421)
2%

Score Distribution

Percentile by Number Answered

Percent of People with Each Score

Your Score History

You have not taken this quiz since the last reset